Catalog

Record Details

Catalog Search



Loď do Šanghaje  Cover Image Book Book

Loď do Šanghaje / Jiří Svetozar Kupka

Record details

  • Physical Description: 233 s. ; 20 cm
  • Edition: 2. vyd.
  • Publisher: Praha : Mladá fronta, 1962

Available copies

  • 1 of 1 copy available at Common Catalog SPOK.

Holds

  • 0 current holds with 1 total copy.
Show All Copies
Location Call Number / Copy Notes Barcode Shelving Location Status Due Date
KDS Library 810 KuJ (850) 204576800545 Library Available -

LDR 00638nam a2200241 a 4500
00120408
003CZ-PrJAB
00520150708065349.0
007ta
008110222s1962 xr cze
015 . ‡acnb002167994
035 . ‡a(CZ PrNK)cpk20112167994
040 . ‡aABA001 ‡bcze
080 . ‡a885-321.2 ‡2undef
1001 . ‡aKupka, Jiří Svetozar, ‡d1921- ‡7jk01070958 ‡4aut
24510. ‡aLoď do Šanghaje / ‡cJiří Svetozar Kupka
250 . ‡a2. vyd.
260 . ‡aPraha : ‡bMladá fronta, ‡c1962
300 . ‡a233 s. ; ‡c20 cm
4901 . ‡aBoje ; ‡vsv. 118
830 0. ‡aBoje
910 . ‡aABE463
964 . ‡aDoprava námořní čs. - povídky
998 . ‡a002167994
901 . ‡a20408 ‡b ‡c20408 ‡tbiblio

Additional Resources